Estadísticas para Los fichajes más caros del fútbol - Futbolistas uruguayos

Haz click aquí para intentar la prueba.

Estadísticas generales

  • Esta prueba ha sido intentada 38 veces
  • La puntuación promedio es 9 de 10

Estadísticas de respuestas

Coste (M €)TemporadaÚltimo clubNuevo clubJugador% Correcto
26,502010-2011AjaxLiverpoolLuis Suárez
97%
81,722014-2015LiverpoolFC BarcelonaLuis Suárez
97%
85,002022-2023BenficaLiverpoolDarwin Núñez
94%
34,002020-2021UD AlmeríaBenficaDarwin Núñez
94%
21,002007-2008Villarreal CFAtlético MadridDiego Forlán
94%
64,502013-2014NápolesPSGEdinson Cavani
91%
60,002023-2024Sporting LisboaPSGManuel Ugarte
83%
21,702017-2018Boca JuniorsJuventusRodrigo Bentancur
77%
28,652018-2019SampdoriaArsenalLucas Torreira
74%
24,002017-2018FiorentinaInterMatías Vecino
57%

Distribución de puntuación

Porcentaje por número respondido

Porcentaje de gente con cada puntuación

Historial de tus puntuaciones

No has intentado esta prueba.